Normal view
MARC view
Entry Personal Name
001 - CONTROL NUMBER
- control field: 8368
003 - CONTROL NUMBER IDENTIFIER
- control field: OSt
005 - DATE AND TIME OF LATEST TRANSACTION
- control field: 20160427145916.0
008 - FIXED-LENGTH DATA ELEMENTS
- fixed length control field: 160427|| aca||aabn | a|a d
040 ## - CATALOGING SOURCE
- Original cataloging agency: OSt
- Transcribing agency: OSt
100 ## - HEADING--PERSONAL NAME
- Personal name: Eduted by Huffaker ,B.Carl;Gutierrez,P.Andrew;
670 ## - SOURCE DATA FOUND
- Source citation: Work cat.: (OSt): Eduted by Huffaker ,B.Carl;Gutierrez,P.Andrew;, Ecological Entomology., 1998.
